000 00539nam a2200193Ia 4500
005 20250508153226.0
008 008 250505s9999 xx 000 0 eng d
037 _aTextual
040 _aFEDL
_beng
_cFEDL
041 _aeng
_2eng
084 _a370.7, JEF
_qFEDL
100 _aJeffreys M. V. C.
_9139776
245 0 _aRevolution in teacher-training
260 _aLondon, UK
_bSir Isaac Pitman and Sons Ltd
_c1961
300 _avii,85p.
650 _aEducation
942 _cTEXL
_h370.7, JEF
999 _c1341372
_d1341372